000 00917cam a22002773a 4500
001 36273
003 PGUSA
005 20140828083802.0
008 110530s2011||||xxu|||||s|||||000 1 eng d
040 _aPGUSA
_beng
042 _adc
050 4 _aPZ
100 1 _aCrane, Laura Dent
245 1 4 _aThe Automobile Girls at Newport :
_bOr, Watching the Summer Parade
_h[electronic resource] /
_cLaura Dent Crane
260 _bProject Gutenberg,
_c2011
506 _aPublic domain in the USA.
516 _aElectronic text
653 _aAutomobile travel -- Juvenile fiction
653 _aBrigands and robbers -- Juvenile fiction
653 _aAdventure and adventurers -- Juvenile fiction
653 _aGirls -- Societies and clubs -- Juvenile fiction
653 _aNewport (R.I.) -- Juvenile fiction
830 0 _aProject Gutenberg
_v36273
856 4 0 _uhttp://www.gutenberg.org/ebooks/36273
942 _cEB
999 _c265528
_d265528